<?xml version="1.0" encoding="UTF-8"?>
<record
    xmlns:xsi="http://www.w3.org/2001/XMLSchema-instance"
    xsi:schemaLocation="http://www.loc.gov/MARC21/slim http://www.loc.gov/standards/marcxml/schema/MARC21slim.xsd"
    xmlns="http://www.loc.gov/MARC21/slim">

  <leader>01791cam a2200349 i 4500</leader>
  <controlfield tag="003">SA-RiAUC</controlfield>
  <controlfield tag="005">20241006123045.0</controlfield>
  <controlfield tag="008">241005s1990    le     g      00000bara c</controlfield>
  <datafield tag="040" ind1=" " ind2=" ">
    <subfield code="a">SA-RiAUC</subfield>
    <subfield code="b">ara</subfield>
    <subfield code="c">SA-RiAUC</subfield>
    <subfield code="e">rda</subfield>
  </datafield>
  <datafield tag="043" ind1=" " ind2=" ">
    <subfield code="a">f-ae---</subfield>
  </datafield>
  <datafield tag="050" ind1=" " ind2="4">
    <subfield code="b">S23 1990</subfield>
  </datafield>
  <datafield tag="082" ind1="0" ind2="4">
    <subfield code="a">922.118</subfield>
    <subfield code="q">SA-RiAUC</subfield>
  </datafield>
  <datafield tag="090" ind1=" " ind2=" ">
    <subfield code="a">922.118 </subfield>
    <subfield code="b"> &#x633; &#x639; &#x62F;</subfield>
  </datafield>
  <datafield tag="100" ind1="1" ind2=" ">
    <subfield code="a">&#x633;&#x639;&#x62F; &#x627;&#x644;&#x644;&#x647;&#x60C; &#x623;&#x628;&#x648; &#x627;&#x644;&#x642;&#x627;&#x633;&#x645;&#x60C;</subfield>
    <subfield code="d">1930-2013</subfield>
    <subfield code="e">&#x645;&#x624;&#x644;&#x641;.</subfield>
  </datafield>
  <datafield tag="245" ind1="1" ind2="0">
    <subfield code="a">&#x631;&#x627;&#x626;&#x62F; &#x627;&#x644;&#x62A;&#x62C;&#x62F;&#x64A;&#x62F; &#x627;&#x644;&#x625;&#x633;&#x644;&#x627;&#x645;&#x64A; :</subfield>
    <subfield code="b">&#x645;&#x62D;&#x645;&#x62F; &#x627;&#x644;&#x639;&#x646;&#x627;&#x628;&#x64A; &#x635;&#x627;&#x62D;&#x628; &#x643;&#x62A;&#x627;&#x628; &#x627;&#x644;&#x633;&#x639;&#x64A; &#x627;&#x644;&#x645;&#x62D;&#x645;&#x648;&#x62F; &#x641;&#x64A; &#x646;&#x638;&#x627;&#x645; &#x627;&#x644;&#x62C;&#x646;&#x648;&#x62F; /</subfield>
    <subfield code="c">&#x62A;&#x623;&#x644;&#x64A;&#x641; &#x623;&#x628;&#x648; &#x627;&#x644;&#x642;&#x627;&#x633;&#x645; &#x633;&#x639;&#x62F; &#x627;&#x644;&#x644;&#x647;.</subfield>
  </datafield>
  <datafield tag="250" ind1=" " ind2=" ">
    <subfield code="a">&#x627;&#x644;&#x637;&#x628;&#x639;&#x629; &#x627;&#x644;&#x62B;&#x627;&#x646;&#x64A;&#x629;&#x60C; &#x645;&#x632;&#x64A;&#x62F;&#x629; &#x648;&#x645;&#x646;&#x642;&#x62D;&#x629;.</subfield>
  </datafield>
  <datafield tag="264" ind1=" " ind2="1">
    <subfield code="a">&#x628;&#x64A;&#x631;&#x648;&#x62A; :</subfield>
    <subfield code="b">&#x62F;&#x627;&#x631; &#x627;&#x644;&#x63A;&#x631;&#x628; &#x627;&#x644;&#x625;&#x633;&#x644;&#x627;&#x645;&#x64A;&#x60C;</subfield>
    <subfield code="c">1990</subfield>
  </datafield>
  <datafield tag="264" ind1=" " ind2="3">
    <subfield code="a">[&#x645;&#x643;&#x627;&#x646; &#x627;&#x644;&#x637;&#x628;&#x639; &#x63A;&#x64A;&#x631; &#x645;&#x62D;&#x62F;&#x62F;] :</subfield>
    <subfield code="b">&#x645;&#x637;&#x627;&#x628;&#x639; &#x627;&#x644;&#x634;&#x631;&#x648;&#x642;</subfield>
  </datafield>
  <datafield tag="300" ind1=" " ind2=" ">
    <subfield code="a">146 &#x635;&#x641;&#x62D;&#x629; &#x61B;</subfield>
    <subfield code="c">24&#x633;&#x645;</subfield>
  </datafield>
  <datafield tag="336" ind1=" " ind2=" ">
    <subfield code="a">&#x646;&#x635;</subfield>
    <subfield code="b">txt</subfield>
    <subfield code="2">rdacontent</subfield>
    <subfield code="3">&#x643;&#x62A;&#x627;&#x628;</subfield>
  </datafield>
  <datafield tag="337" ind1=" " ind2=" ">
    <subfield code="a">&#x628;&#x62F;&#x648;&#x646; &#x648;&#x633;&#x64A;&#x637;</subfield>
    <subfield code="b">n</subfield>
    <subfield code="2">rdamedia</subfield>
  </datafield>
  <datafield tag="338" ind1=" " ind2=" ">
    <subfield code="a">&#x645;&#x62C;&#x644;&#x62F;</subfield>
    <subfield code="b">nc</subfield>
    <subfield code="2">rdacarrier</subfield>
  </datafield>
  <datafield tag="500" ind1=" " ind2=" ">
    <subfield code="a">&#x643;&#x634;&#x627;&#x641;&#x627;&#x62A; : &#x635;&#x641;&#x62D;&#x629; 129-142.</subfield>
  </datafield>
  <datafield tag="504" ind1=" " ind2=" ">
    <subfield code="a">&#x64A;&#x634;&#x62A;&#x645;&#x644; &#x639;&#x644;&#x649; &#x625;&#x631;&#x62C;&#x627;&#x639;&#x627;&#x62A; &#x628;&#x628;&#x644;&#x64A;&#x648;&#x62C;&#x631;&#x627;&#x641;&#x64A;&#x629;.</subfield>
  </datafield>
  <datafield tag="600" ind1="1" ind2="7">
    <subfield code="a">&#x627;&#x628;&#x646; &#x627;&#x644;&#x639;&#x646;&#x627;&#x628;&#x64A;&#x60C; &#x645;&#x62D;&#x645;&#x62F; &#x628;&#x646; &#x645;&#x62D;&#x645;&#x648;&#x62F; &#x628;&#x646; &#x645;&#x62D;&#x645;&#x62F;&#x60C;</subfield>
    <subfield code="d">1189-1267 &#x647;&#x62C;&#x631;&#x64A;</subfield>
    <subfield code="2">aucnm</subfield>
  </datafield>
  <datafield tag="650" ind1=" " ind2="7">
    <subfield code="a">&#x627;&#x644;&#x641;&#x642;&#x647;&#x627;&#x621; &#x627;&#x644;&#x62C;&#x632;&#x627;&#x626;&#x631;&#x64A;&#x648;&#x646;</subfield>
    <subfield code="v">&#x62A;&#x631;&#x627;&#x62C;&#x645;</subfield>
    <subfield code="2">aucsh</subfield>
  </datafield>
  <datafield tag="650" ind1=" " ind2="7">
    <subfield code="a">&#x627;&#x644;&#x625;&#x633;&#x644;&#x627;&#x645;</subfield>
    <subfield code="x">&#x62D;&#x631;&#x643;&#x627;&#x62A; &#x627;&#x644;&#x625;&#x62D;&#x64A;&#x627;&#x621; &#x648;&#x627;&#x644;&#x625;&#x635;&#x644;&#x627;&#x62D; &#x648;&#x627;&#x644;&#x62A;&#x62C;&#x62F;&#x64A;&#x62F;</subfield>
    <subfield code="z">&#x627;&#x644;&#x62C;&#x632;&#x627;&#x626;&#x631;</subfield>
    <subfield code="2">aucsh</subfield>
  </datafield>
  <datafield tag="650" ind1=" " ind2="7">
    <subfield code="a">&#x627;&#x644;&#x625;&#x633;&#x644;&#x627;&#x645;</subfield>
    <subfield code="x">&#x62D;&#x631;&#x643;&#x627;&#x62A; &#x627;&#x644;&#x625;&#x62D;&#x64A;&#x627;&#x621; &#x648;&#x627;&#x644;&#x625;&#x635;&#x644;&#x627;&#x62D; &#x648;&#x627;&#x644;&#x62A;&#x62C;&#x62F;&#x64A;&#x62F;</subfield>
    <subfield code="2">aucsh</subfield>
  </datafield>
  <datafield tag="700" ind1="1" ind2="2">
    <subfield code="i">&#x634;&#x631;&#x62D; &#x644;&#x640; (&#x639;&#x645;&#x644;) :</subfield>
    <subfield code="a">&#x627;&#x628;&#x646; &#x627;&#x644;&#x639;&#x646;&#x627;&#x628;&#x64A;&#x60C; &#x645;&#x62D;&#x645;&#x62F; &#x628;&#x646; &#x645;&#x62D;&#x645;&#x648;&#x62F; &#x628;&#x646; &#x645;&#x62D;&#x645;&#x62F;&#x60C;</subfield>
    <subfield code="d">1189-1267 &#x647;&#x62C;&#x631;&#x64A;.</subfield>
    <subfield code="t">&#x627;&#x644;&#x633;&#x639;&#x64A; &#x627;&#x644;&#x645;&#x62D;&#x645;&#x648;&#x62F; &#x641;&#x64A; &#x646;&#x638;&#x627;&#x645; &#x627;&#x644;&#x62C;&#x646;&#x648;&#x62F;</subfield>
  </datafield>
  <datafield tag="942" ind1=" " ind2=" ">
    <subfield code="2">ddc</subfield>
    <subfield code="c">BOOK</subfield>
    <subfield code="n">0</subfield>
  </datafield>
  <datafield tag="949" ind1=" " ind2=" ">
    <subfield code="a">SA-JeALM</subfield>
    <subfield code="d">241005</subfield>
    <subfield code="u">mohamedma123</subfield>
    <subfield code="n">1</subfield>
  </datafield>
  <datafield tag="952" ind1=" " ind2=" ">
    <subfield code="0">0</subfield>
    <subfield code="1">0</subfield>
    <subfield code="2">ddc</subfield>
    <subfield code="4">0</subfield>
    <subfield code="7">0</subfield>
    <subfield code="a">WAHAB</subfield>
    <subfield code="b">WAHAB</subfield>
    <subfield code="d">2024-10-06</subfield>
    <subfield code="l">0</subfield>
    <subfield code="o">922.118 &#x633; &#x639; &#x62F;</subfield>
    <subfield code="p">000001238</subfield>
    <subfield code="r">2024-10-06 12:31:41</subfield>
    <subfield code="w">2024-10-06</subfield>
    <subfield code="y">BOOK</subfield>
  </datafield>
  <datafield tag="999" ind1=" " ind2=" ">
    <subfield code="c">927</subfield>
    <subfield code="d">927</subfield>
  </datafield>
</record>
